Decisiones financieras y costo del dinero en economías inflacionarias (Registro nro. 3162)
[ vista simple ]
| 000 -LEADER | |
|---|---|
| fixed length control field | 02145 a2200217 4500 |
| 001 - CONTROL NUMBER | |
| control field | 39947 |
| 005 - DATE AND TIME OF LATEST TRANSACTION | |
| control field | 20260407155656.0 |
| 008 - FIXED-LENGTH DATA ELEMENTS--GENERAL INFORMATION | |
| fixed length control field | 260407a1985 arg spa d |
| 003 - CONTROL NUMBER IDENTIFIER | |
| control field | AR-UNSa-BCEJYS |
| 040 ## - CATALOGING SOURCE | |
| Original cataloging agency | AR-UNSa-BCEJYS |
| Language of cataloging | spa |
| Transcribing agency | AR-UNSa-BCEJYS |
| 080 ## - UNIVERSAL DECIMAL CLASSIFICATION NUMBER | |
| Universal Decimal Classification number | 658.15 |
| Common auxiliary subdivision | Administración financiera privada. Gestión financiera de empresas<br/> |
| 020 ## - INTERNATIONAL STANDARD BOOK NUMBER | |
| International Standard Book Number | 958-04-0005-9 |
| 041 ## - LANGUAGE CODE | |
| Language code of text/sound track or separate title | spa |
| 100 1# - MAIN ENTRY--PERSONAL NAME | |
| Personal name | Gutierrez Marulanda, Luis Fernando |
| 245 10 - TITLE STATEMENT | |
| Title | Decisiones financieras y costo del dinero en economías inflacionarias |
| Name of part/section of a work | aplicación de las calculadoras financieras como herramienta de análisis |
| 264 #1 - PRODUCTION, PUBLICATION, DISTRIBUTION, MANUFACTURE, AND COPYRIGHT NOTICE | |
| Place of production, publication, distribution, manufacture | Bogotá : |
| Name of producer, publisher, distributor, manufacturer | Norma |
| Date of production, publication, distribution, manufacture, or copyright notice | 1985 |
| 300 ## - PHYSICAL DESCRIPTION | |
| Extent | xii, 344 p. |
| Dimensions | 17 cm. |
| 505 ## - FORMATTED CONTENTS NOTE | |
| Formatted contents note | 1. Conceptos financieros preliminares - 2. Matemáticas financieras básicas - 3. Ejemplos sobre la utilización de las fórmulas de las matemáticas financieras - 4. Introducción al uso de las calculadoras financieras - 5. Medidas del valor de la inversión - 6. Valor presente versus tasa interna de rendimiento - 7. Ejemplos sobre el uso del valor presente neto y la tasa interna de rendimiento para medir la bondad de las inversiones - 8. Costo anual equivalente y su utilización en decisiones de reemplazar o alquilar equipos - 9. Costo del dinero - 10. Limitaciones de los supuestos básicos de la evaluación de proyectos - 11. Falacia de los intereses anticipadas - 12. Intereses sobre saldos anticipadas y convencionales, pagos por instalamentos; comisiones bancarias - 13. El leasing o arrendamiento financiero - 14. Ejemplos sobre el cálculo del costo efectivo del dinero - 15. La rentabilidad bancaria - 16. Proyección de empresas en economía inflacionarias - 17. Efectos negativos de la inflación en la tributación de empresas - 18. Valoración de inventarios en épocas de inflación - 19. Manejo correcto de la inflación en el análisis de proyectos de inversión - 20. Manejo incorrecto de la inflación en el análisis de proyectos de inversión por parte de la banca de fomento - 21. Otra alternativa para pactar créditos de fomento - 22. Devaluación y costo de fondos |
| 590 ## - LOCAL NOTE (RLIN) | |
| Local note | niveau_biblio:m niveau_hierar:0 |
| 942 ## - ADDED ENTRY ELEMENTS (KOHA) | |
| Koha item type | |
| Withdrawn status | Lost status | Damaged status | Not for loan | Home library | Current library | Shelving location | Date acquired | Total checkouts | Full call number | Barcode | Date last seen | Price effective from | Koha item type |
|---|---|---|---|---|---|---|---|---|---|---|---|---|---|
| Biblioteca Prof. Eusebio Cleto del Rey | Biblioteca Prof. Eusebio Cleto del Rey | 07/04/2026 | 658.15 G983 | L125643 | 07/04/2026 | 07/04/2026 | Libro |